| 000 | 00821nam a2200277 a 4500 | ||
|---|---|---|---|
| 001 | 000111414 | ||
| 003 | CHAP | ||
| 005 | 20220329144210.0 | ||
| 008 | 150409s2014 mx |r| |||||||spa d | ||
| 010 | _a107876 | ||
| 011 | _a108848 | ||
| 020 | _a9786071203687 | ||
| 040 | _cCHAP | ||
| 090 | _aFolleto 18494 | ||
| 100 | 0 | 0 |
_aMondragón Pedrero, Guillermo. _977486 |
| 245 | 1 | 0 |
_aControl de maleza en frijol / _cpor Guillermo Mondragón Pedrero y Luis Manuel Serrano Covarrubias. |
| 260 |
_aChapingo, Méx., : _bUACH., _c2014. |
||
| 300 | _a24 p. | ||
| 590 |
_aE5765TAJ _b05 _c20150409 _lUCH01 _h0913 |
||
| 590 |
_aE5765TAJ _b05 _c20150409 _lUCH01 _h0938 |
||
| 650 | 1 | 4 |
_aFrijol _xMalas hierbas _xControl. _943402 |
| 700 | 0 |
_aSerrano Covarrubias, Luis Manuel. _9105212 |
|
| 901 | _aBK | ||
| 942 | _cFOLL | ||
| 942 | _n0 | ||
| 999 |
_c107876 _d107876 |
||